TEORIAS DE LA COMUNICACION DE MASAS (Registro nro. 48409)
[ vista simple ]
| 000 -LEADER | |
|---|---|
| fixed length control field | 00585nam a2200205 a 4500 |
| 001 - CONTROL NUMBER | |
| control field | 48409 |
| 005 - DATE AND TIME OF LATEST TRANSACTION | |
| control field | 20180714032720.0 |
| 008 - FIXED-LENGTH DATA ELEMENTS--GENERAL INFORMATION | |
| fixed length control field | 140415s1982 mx 000 0 spa d |
| 020 ## - INTERNATIONAL STANDARD BOOK NUMBER | |
| International Standard Book Number | 8475092020 |
| 041 ## - LANGUAGE CODE | |
| Language code of text/sound track or separate title | spa |
| 082 ## - DEWEY DECIMAL CLASSIFICATION NUMBER | |
| Classification number | 302.23 |
| Item number | FLE |
| 100 1# - MAIN ENTRY--PERSONAL NAME | |
| Personal name | FLEUR, MELVIN L. DE |
| 245 10 - TITLE STATEMENT | |
| Title | TEORIAS DE LA COMUNICACION DE MASAS |
| 250 ## - EDITION STATEMENT | |
| Edition statement | 1a ed. |
| 260 ## - PUBLICATION, DISTRIBUTION, ETC. | |
| Place of publication, distribution, etc. | MEXICO : |
| Name of publisher, distributor, etc. | ED. PAIDOS, |
| Date of publication, distribution, etc. | 1982 |
| 300 ## - PHYSICAL DESCRIPTION | |
| Extent | 107 |
| Dimensions | 13.6 x 2.8 x 22 |
| 650 14 - SUBJECT ADDED ENTRY--TOPICAL TERM | |
| Topical term or geographic name entry element | MEDIOS DE COMUNICACION DE MASAS |
| 700 1# - ADDED ENTRY--PERSONAL NAME | |
| Personal name | VENET, HOMERO ALSINA THE |
| Relator term | tr. |
| 700 1# - ADDED ENTRY--PERSONAL NAME | |
| Personal name | BALL-ROKEACH, SANDRA J. |
| Relator term | coaut. |
| Withdrawn status | Lost status | Source of classification or shelving scheme | Damaged status | Not for loan | Collection code | Home library | Current library | Shelving location | Date acquired | Source of acquisition | Inventory number | Total Checkouts | Total Renewals | Full call number | Barcode | Date last seen | Date last checked out | Price effective from | Koha item type |
|---|---|---|---|---|---|---|---|---|---|---|---|---|---|---|---|---|---|---|---|
| Dewey Decimal Classification | General | Biblioteca Karol Wojtyla | Biblioteca Karol Wojtyla | Sala general | 03/12/2013 | Compra | 151000000000000000057513 | 1 | 1 | 302.23 FLE 1993 | 72368 | 05/01/2026 | 13/01/2024 | 25/05/2015 | Libro |